| 000 | 00708cam a2200229 a 4500 | ||
|---|---|---|---|
| 003 | MX-MxUPN | ||
| 005 | 20250114150218.0 | ||
| 008 | 991125n19 mx a br 000 0 spa d | ||
| 035 | _aUPN01000034385 | ||
| 040 |
_aMX-MxUPN _bspa _cMX-MxUPN |
||
| 041 | _aspa | ||
| 050 | 1 | 4 |
_aLB1573 M6.3 _bF44 |
| 100 | 1 |
_aCordero, Francisco Febres _951905 |
|
| 245 | 1 | 0 |
_aLecturas de corrido : _blibro tercero : curso medio |
| 260 |
_aMéxico, D.F. : _b[editor no identificado], _c[19??]. |
||
| 300 |
_a268 páginas : _bilustraciones |
||
| 490 | 0 | _aSerie graduada de libros de lectura | |
| 650 | 4 |
_aLectura _92805 _xEstudio y enseñanza (Elemental) |
|
| 904 |
_aAC _b034386 |
||
| 905 | _aLibro | ||
| 942 |
_2lcc _cLIBRO _n0 |
||
| 999 |
_c34385 _d34385 |
||